Combinaciones de negocios e informes prospectivos (Registro nro. 9366)

Detalles MARC
000 -LEADER
fixed length control field 00412 a2200133 4500
001 - CONTROL NUMBER
control field ART_8499
005 - DATE AND TIME OF LATEST TRANSACTION
control field 20260410161557.0
008 - FIXED-LENGTH DATA ELEMENTS--GENERAL INFORMATION
fixed length control field 260409a
100 1# - MAIN ENTRY--PERSONAL NAME
Personal name Viegas, Juan Carlos
245 10 - TITLE STATEMENT
Title Combinaciones de negocios e informes prospectivos
700 1# - ADDED ENTRY--PERSONAL NAME
Personal name García, Sergio O.
700 1# - ADDED ENTRY--PERSONAL NAME
Personal name Pérez, Jorge Orlando
773 0# - HOST ITEM ENTRY
Title Profesional & Empresaria
Related parts - Año XII, Nº 135 (dic. 2010)
Record control number REV70

No hay ítems disponibles.